It looks like you're offline.
Open Library logo
additional options menu

MARC record from Internet Archive

LEADER: 06438cam a2200793 i 4500
001 ocm22420313
003 OCoLC
005 20200617074540.5
008 891208s1990 gau b 101 0 eng
010 $a 89077402
040 $aDLC$beng$erda$cDLC$dOCL$dNLGGC$dOCLCQ$dBTCTA$dLVB$dYDXCP$dBAKER$dHEBIS$dGBVCP$dOCLCO$dOCLCA$dOCLCQ$dOCLCA$dSP1$dOCLCF$dMXL$dOCLCQ$dOCL$dITC$dOCLCQ$dJ9U$dOCLCO$dOCLCA$dDHA$dOCLCA$dUMK$dOCLCO$dL2U
066 $c(S
019 $a988515357
020 $a1555404405$q(alk. paper)
020 $a9781555404406$q(alk. paper)
020 $a1555404413$q(pbk. ;$qalk. paper)
020 $a9781555404413$q(pbk. ;$qalk. paper)
029 1 $aAU@$b000007546033
029 1 $aGBVCP$b115876235
029 1 $aGEBAY$b1498905
029 1 $aHEBIS$b030511372
029 1 $aHR0$bOC22420313
029 1 $aNLGGC$b066372968
029 1 $aNZ1$b3805647
029 1 $aYDXCP$b1161118
035 $a(OCoLC)22420313$z(OCoLC)988515357
050 00 $aBS1196$b.T49 1990
082 00 $a398.2$220
084 $a11.41$2bcl
084 $a220.8398
049 $aMAIN
245 00 $aText and tradition :$bthe Hebrew Bible and folklore /$cedited, with introductions by Susan Niditch.
264 1 $aAtlanta, Georgia :$bScholars Press,$c[1990]
264 4 $c©1990
300 $avii, 261 pages ;$c23 cm.
336 $atext$btxt$2rdacontent
337 $aunmediated$bn$2rdamedia
338 $avolume$bnc$2rdacarrier
490 1 $aSemeia studies
500 $aProceedings from the Conference on the Hebrew Bible and Folklore held Apr. 28-May 1, 1988 at Amherst College.
504 $aIncludes bibliographical references and indexes.
505 00 $6880-01$tBiblical narrative.$tPatterns of lives of the patriarchs from Abraham to Samson and Samuel /$rAlbert B. Lord ;$t"Threading the labyrinth" : a response to Albert B. Lord /$rDavid M. Gunn ;$tFive tales of punishment in the Book of Numbers /$rRobert C. Culley ;$tComments on Robert C. Culley's "Five tales of punishment in the Book of Numbers" /$rDan Ben-Amos ;$tSamson without folklore /$rRobert Alter ;$tSamson as a biblical [phēr oreskōos] / David E. Bynum ;$tHumor and theology or the successful failure of Israelite intelligence : a literary-folkloric approach to Joshua 2 /$rYair Zakovitch ;$tA response to Zakovitch /$rFrank Moore Cross --$tBiblical proverbs and riddles.$tAnd God created the Proverb-- : inter-generic and inter-textual aspects of biblical paremiology--or the longest way to the shortest text /$rGalit Hasan-Rokem ;$tProverbs in Genesis 2? /$rRoland E. Murphy ;$tThe words of the wise and their riddles /$rClaudia V. Camp and Carole R. Fontaine ;$tResponse to Professors Fontaine and Camp /$rEdgar Slotkin --$tBiblical law.$tNaomi and Ruth : building up the House of David /$rGillian Feeley-Harnik ;$tOn Feeley-Harnik's reading of Ruth /$rEdward L. Greenstein ;$tEthics in conflict : sociological aspects of ancient Israelite ethics /$rRobert R. Wilson ;$tComments on Robert Wilson /$rJohn Middleton --$tReflections on the Hebrew Bible and folklore : a conclusion.$tReflections /$rRobert A. Oden, Jr. ;$tReflections /$rJoseph Falaky Nagy ;$tReflections /$rBurke O. Long ;$tReflections /$rRobert Coote ;$tDomains of folkloristic concern : the inspiration of Scriptures /$rMargaret A. Mills.
590 $bArchive
630 00 $aBible.$pOld Testament$xCriticism, interpretation, etc.$vCongresses.
630 04 $aBible$xCriticism, interpretation, etc.$vCongresses.
630 06 $aBible.$pA.T.$xCritique, interprétation, etc.$vCongrès.
630 07 $aBible.$pOld Testament.$2fast$0(OCoLC)fst01808092
630 07 $aBibel$pAltes Testament$2gnd
650 0 $aFolklore in the Bible$vCongresses.
650 6 $aFolklore dans la Bible$vCongrès.
650 7 $a11.41 study and interpretation of the Old Testament.$0(NL-LeOCL)077594223$2bcl
650 7 $aFolklore in the Bible.$2fast$0(OCoLC)fst00930373
650 7 $aVolkskultur$2gnd
653 0 $aBible$aO.T$aCriticism, interpretation, etc$aCongresses
653 0 $aFolklore in the Bible$aCongresses
655 7 $aConference papers and proceedings.$2fast$0(OCoLC)fst01423772
655 7 $aCriticism, interpretation, etc.$2fast$0(OCoLC)fst01411635
655 7 $aCongresses (form)$0(NL-LeOCL)088142469$2gtt
655 7 $aConference papers and proceedings.$2lcgft
700 1 $aNiditch, Susan.
711 2 $aConference on the Hebrew Bible and Folklore$d(1988 :$cAmherst College)
830 0 $aSemeia studies.
880 00 $6505-01/(S$tBiblical narrative.$tPatterns of lives of the patriarchs from Abraham to Samson and Samuel /$rAlbert B. Lord ;$t"Threading the labyrinth" : a response to Albert B. Lord /$rDavid M. Gunn ;$tFive tales of punishment in the Book of Numbers /$rRobert C. Culley ;$tComments on Robert C. Culley's "Five tales of punishment in the Book of Numbers" /$rDan Ben-Amos ;$tSamson without folklore /$rRobert Alter ;$tSamson as a biblical φὴρ ὀρεσκῷος / David E. Bynum ;$tHumor and theology or the successful failure of Israelite intelligence : a literary-folkloric approach to Joshua 2 /$rYair Zakovitch ;$tA response to Zakovitch /$rFrank Moore Cross --$tBiblical proverbs and riddles.$tAnd God created the Proverb-- : inter-generic and inter-textual aspects of biblical paremiology--or the longest way to the shortest text /$rGalit Hasan-Rokem ;$tProverbs in Genesis 2? /$rRoland E. Murphy ;$tThe words of the wise and their riddles /$rClaudia V. Camp and Carole R. Fontaine ;$tResponse to Professors Fontaine and Camp /$rEdgar Slotkin --$tBiblical law.$tNaomi and Ruth : building up the House of David /$rGillian Feeley-Harnik ;$tOn Feeley-Harnik's reading of Ruth /$rEdward L. Greenstein ;$tEthics in conflict : sociological aspects of ancient Israelite ethics /$rRobert R. Wilson ;$tComments on Robert Wilson /$rJohn Middleton --$tReflections on the Hebrew Bible and folklore : a conclusion.$tReflections /$rRobert A. Oden, Jr. ;$tReflections /$rJoseph Falaky Nagy ;$tReflections /$rBurke O. Long ;$tReflections /$rRobert Coote ;$tDomains of folkloristic concern : the inspiration of Scriptures /$rMargaret A. Mills.
938 $aBaker & Taylor$bBKTY$c29.95$d29.95$i1555404405$n0001775913$sactive
938 $aBaker & Taylor$bBKTY$c39.95$d39.95$i1555404413$n0001775915$sactive
938 $aBaker and Taylor$bBTCP$n89077402
938 $aYBP Library Services$bYANK$n1333177
994 $a92$bCST
976 $a10011429735